LEADER 00950nam a2200217 4500 001 000000351022 003 CaOOAMICUS 005 20220823144704.0 008 220727s2012 it a 000 u ita r 040 $aSeMil$bita 245 00$aSuspir da l'anime :$bcanti per la liturgia. 264 1$aForania di Porpetto :$b[s.n.],$cstampa 2012$e(Primeoffset.it) 300 $a336 p. :$bill., mus. ;$c22 cm 500 $aOpera non in commercio riservata per le celebrazioni liturgiche nelle chiese della Forania di Porpetto 650 4$aLiturgia - Canti.$0(OLS)http://semarc/subject/28319 850 $aSeMil 852 $aSeMil$W1$xVenegono$y1$m3K II 431$j234832$B242069$CSeMilBibl$Z2$F242069 $81 961 $aPontiggia don Virginio - Omaggio 996 $6245$aSuspir da l'anime :$bcanti per la liturgia$9(OLS)http://semarc/title/440828 996 $6264$aForania di Porpetto :$b[s.n.]$9(OLS)http://semarc/publisher/60541 LEADER 01494nam a2200265 4500 001 000000335509 003 CaOOAMICUS 005 20190930125447.0 008 190725s1968 it 000 u ita r 040 $aSeMil$bita 100 1 $aBoublìk, Vladimir.$0(OLS)http://semarc/name/28966 245 12$aL'azione divina «praeter ordinem naturae» secondo S. Tommaso d'Aquino :$bfilosofia del miracolo /$cVladimiro Boublìk. 264 1$aRoma :$bLibreria editrice della Pontificia Università Lateranense,$c1968. 300 $a143 p. ;$c24 cm 490 1 $aCathedra Sancti Thomae : Pontificiae Universitatis Lateranensis ;$v7 650 4$aTommaso : d'Aquino - Pensiero teologico.$0(OLS)http://semarc/subject/2237 650 4$aFinalismo - Filosofia.$0(OLS)http://semarc/subject/13269 650 4$aTommaso : d'Aquino - Dottrina del miracolo.$0(OLS)http://semarc/subject/28651 830 0$aCathedra Sancti Thomae / Pontificiae Universitatis Lateranensis ;$v7.$0(OLS)http://semarc/title/14176 850 $aSeMil 852 $aSeMil$W1$xVenegono$y1$m2N IV 69$j216479$B227426$CSeMilBibl$Z2$F227426 $81 961 $aAntonelli don Mario - Omaggio 996 $6245$aL'azione divina «praeter ordinem naturae» secondo S. Tommaso d'Aquino :$bfilosofia del miracolo$9(OLS)http://semarc/title/424936 996 $6264$aRoma :$bLibreria editrice della Pontificia Università Lateranense$9(OLS)http://semarc/publisher/31171